| 000 | 01011nam a22002537a 4500 | ||
|---|---|---|---|
| 005 | 20170123164200.0 | ||
| 010 | _aB-109235 | ||
| 020 | _c125.00 | ||
| 035 | _aB-109235 | ||
| 037 | _bCen Lib/Ret | ||
| 040 |
_aDPL _bPN |
||
| 082 |
_a910.4 _bਗੁਲਾਟੀ |
||
| 100 |
_aਗੁਲਾਟੀ, ਸਤੀਸ਼ _9135436 |
||
| 245 |
_aਚੁੱਪ ਦੇ ਅੰਦਰ ਬਾਹਰ : _cਸਤੀਸ਼ ਗੁਲਾਟੀ _bਯਾਤਰਾ ਸੰਸਮਰਣ / |
||
| 246 |
_aChup de ander bahar : yātarā sam̆samaraṇa _bby Satish Gulati |
||
| 260 |
_aਲੁਧਿਆਨਾ _bਚੇਤਨਾ ਪ੍ਰਕਾਸ਼ਨ _c2004 |
||
| 270 |
_aਪੰਜਾਬੀ ਭਵਨ _bਲੁਧਿਆਨਾ |
||
| 300 |
_a107p _c20cm |
||
| 650 |
_a ਭਾਰਤ ਨੂੰ -- ਵੇਰਵਾ ਅਤੇ ਯਾਤਰਾ _9135437 |
||
| 650 |
_aਯਾਤਰਾ _9135438 |
||
| 650 |
_aIndia -- Description and travel _926587 |
||
| 650 |
_a travel _925007 |
||
| 942 |
_2ddc _cPN _h910.4 _mਗੁਲਾਟੀ |
||
| 999 |
_c110967 _d110967 |
||